Szczegóły MARC21

Verlorene Zeit - Gerhart Hauptmann : von Hiddensee bis Agnetendorf : Orte, Texte, Zeichen /

003 -Nazwa inst., której nr kontr. jest w polu 001 [,]
    • @
    • Nazwa instytucji, której n kontrolny jest w polu 001
    • NUKAT
005 -DATA I CZAS OSTATNIEJ MODYFIKACJI [,]
    • @
    • pole kontrolne
    • 20241231091825.0
020 -Międzynarod. znormalizowany nr książki - ISBN [ , ]
    • a
    • Numer ISBN
    • 3922296998 Find
040 -Instytucja sporządzająca opis [ , ]
    • a
    • Instytucja, która sporządziła opis (NP)
    • KR PAU/MS
    • c
    • Instytucja, która sporządziła rekord (NP)
    • KR PAU/MS
    • d
    • Instytucja, która zmodyfikowała rekord (P)
    • KR PAU/TSs
    • d
    • Instytucja, która zmodyfikowała rekord (P)
    • KR PAU/MS
    • d
    • Instytucja, która zmodyfikowała rekord (P)
    • KR 119/jz
942 -Rodzaj dokumentu [ , ]
    • c
    • Rodzaj dokumentu
    • Książka
100 -Hasło główne - nazwa osobowa [1, ]
    • a
    • Nazwa osobowa (NP)
    • Albrecht, Dietmar
    • d
    • Daty biograficzne (NP)
    • (1941- ).
    • 9
    • KHW
    • 44145
245 -Strefa tytułu i oznaczenia odpowiedzialności [1,0]
    • a
    • Tytuł
    • Verlorene Zeit - Gerhart Hauptmann : Find
    • b
    • Ciąg dalszy tytułu (NP)
    • von Hiddensee bis Agnetendorf : Orte, Texte, Zeichen / Find
    • c
    • Pozostałe elementy strefy tytułu i oznaczenia odpowiedzialności (NP)
    • Dietmar Albrecht.
260 -Strefa adresu wydawniczego [ , ]
    • a
    • Miejsce wydania (P)
    • Lüneburg :
    • b
    • Nazwa wydawcy (P)
    • Institut Nordostdeutsches Kulturwerk,
    • c
    • Data wydania (P)
    • 1997.
300 -Strefa opisu fizycznego [ , ]
    • a
    • Określenie formy książki i/lub objętość (NP)
    • 336 s. :
    • b
    • Oznaczenie ilustracji (NP)
    • il. ;
    • c
    • Format (NP)
    • 21 cm.
336 -Typ zawartości [ , ]
    • a
    • Termin opisujący typ zawartości
    • Tekst
    • b
    • Kod określający zawartość
    • txt
    • 2
    • Źródło (terminu i kodu)
    • rdacontent
337 -Typ mediów [ , ]
    • a
    • Tryb odtwarzania
    • Bez urządzenia pośredniczącego
    • b
    • Kod typu mediów
    • n
    • 2
    • Źródło (terminu i kodu)
    • rdamedia
338 -Typ/rodzaj nośnika [ , ]
    • a
    • Hasło opisujące typ nośnika
    • Wolumin
    • b
    • Kod typu nośnika
    • nc
    • 2
    • Źródło (terminu i kodu)
    • rdacarrier
504 -Uwaga dot. bibliogr. załącznikowej [ , ]
    • a
    • Uwaga dot. bibliografii załącznikowej
    • Indeksy.
080 -Uniwersalna Klasyfikacja Dziesiętna [ , ]
    • a
    • Symbol klasyfikacji
    • 830(091)"18/19"Hauptmann G.=30
080 -Uniwersalna Klasyfikacja Dziesiętna [ , ]
    • a
    • Symbol klasyfikacji
    • :929(430)"18/19"Hauptmann G.=30
600 -Hasło przedmiotowe w formie nazwy osobowej [1,7]
    • a
    • Nazwa osobowa
    • Hauptmann, Gerhart
    • d
    • Daty związane z nazwą
    • (1862-1946)
    • v
    • Określnik formalny
    • biografie.
    • 2
    • Źródło terminu
    • kaba
    • 9
    • KHW
    • 352104
600 -Hasło przedmiotowe w formie nazwy osobowej [1,7]
    • a
    • Nazwa osobowa
    • Hauptmann, Gerhart
    • d
    • Daty związane z nazwą
    • (1862-1946)
    • x
    • Określnik rzeczowy
    • cytaty.
    • 2
    • Źródło terminu
    • kaba
    • 9
    • KHW
    • 416115
600 -Hasło przedmiotowe w formie nazwy osobowej [1,7]
    • a
    • Nazwa osobowa
    • Hauptmann, Gerhart
    • d
    • Daty związane z nazwą
    • (1862-1946)
    • x
    • Określnik rzeczowy
    • rezydencje i miejsca pobytu.
    • 2
    • Źródło terminu
    • kaba
    • 9
    • KHW
    • 401811
980 -Symbol UKD [ , ]
    • a
    • UKD
    • 830(091):929(430)]"18/19"Hauptmann G.=30
710 -Hasło dodatkowe - nazwa ciała zbiorowego [2, ]
    • a
    • Nazwa ciała zbiorowego lub nazwa geograficzna jako pierwszy element (NP)
    • Institut Nordostdeutsches Kulturwerk (Lüneburg).
    • 4
    • Kod relacji
    • pbl
    • 9
    • KHW
    • 57674
920 -ISBN [ , ]
    • a
    • ISBN
    • 3-922296-99-8 Find
Sygnatura Data inwentaryzacji Lokalizacja Status udost. Numer inwentarzowy
 1997-11-13BM2G.12865
 1997-11-13BM2G.12866
 1997-11-13BM2G.12867
 2002-03-22BM2G.16384
Germ. Literat. - Hauptmann G. 081997-11-13BM-3G.12864
Germ. Literat. - Hauptmann G. 091997-11-13BM-3G.12868
Germ. Literat. - Hauptmann G. 101997-11-13BM-3G.12869
Germ. Literat. - Hauptmann G. 111998-10-05BM-3G.14215
 1997-11-13BM-6G.12860
 1997-11-13G-6G.12861
 1997-11-13G-6G.12862
 1997-11-13G-6G.12863